Los marginados o la ceguera y la mendicidad como dimensiones textuales de una lectura marginal: a propósito de Los Peor, una novela inserta en lo urbano /
Պահպանված է:
| Հիմնական հեղինակ: | |
|---|---|
| Ձևաչափ: | Տեքստ |
| Խորագրեր: | |
| Ցուցիչներ: |
Ավելացրեք ցուցիչ
Չկան պիտակներ, Եղեք առաջինը, ով նշում է այս գրառումը!
|
MARC
| LEADER | 00000 a a2200000 04500 | ||
|---|---|---|---|
| 001 | 8924 | ||
| 003 | |||
| 040 | |||
| 100 | |a Alvarado Vega, Oscar Gerardo | ||
| 245 | |a Los marginados o la ceguera y la mendicidad como dimensiones textuales de una lectura marginal: |b a propósito de Los Peor, una novela inserta en lo urbano / |c Oscar Gerardo Alvarado Vega | ||
| 650 | |a ASPECTOS SOCIALES | ||
| 650 | |a FACTORES CULTURALES | ||
| 650 | |a LITERATURA | ||
| 650 | |a MARGINALIDAD | ||
| 650 | |a COSTA RICA | ||
| 773 | |g volumen 5, número 4; 52 página | ||
| 999 | |c 36381 |d 36381 | ||
